000 00697nam a22002417a 4500
003 UA-OsUOA
001 53418
007 ta
008 20151021b un ||||| |||| 00| 0 ukr d
100 _aЧайківський А.
090 _a09.-82-3
_bЧ-15
942 _cBK
040 _aUA-OsUOA
_bukr
_cUA-OsUOA
_dUA-OsUOA
245 _aКозацька помста
300 _a84 с.
955 _a3
041 _aukr
080 _a09.-82-3
260 _aВідень; Катеринослав
_c1919
650 7 _a0 Загальний відділ.
_2UDC
999 _c433536
_d433536